[Event "FRA-ch Blitz Online Qual"]
[Site "Europe Echecs INT"]
[Date "2020.05.16"]
[Round "10"]
[White "Druon, Thibault"]
[Black "Falip Morales, Tom"]
[Result "1-0"]
[WhiteElo "1644"]
[BlackElo "1344"]
[PlyCount "83"]
[EventDate "2020.05.16"]
[EventType "swiss (blitz)"]
[EventRounds "15"]
[EventCountry "FRA"]
[SourceTitle "CBM 196 Extra"]
[Source "ChessBase"]
[SourceDate "2020.07.31"]
[SourceVersion "1"]
[SourceVersionDate "2020.07.31"]
[SourceQuality "1"]

1. d4 Nf6 2. c4 c5 3. d5 e6 4. Nc3 exd5 5. cxd5 d6 6. e4 g6 7. Nf3 Bg7 8. Bd3 0-0 9. 0-0 Bg4 10. h3 Bxf3 11. Qxf3 a6 12. a4 Nfd7 13. Qe2 Ne5 14. Bc2 Re8 15. Bd2 f6 16. Rae1 Nbd7 17. Kh1 Qc7 18. f4 Nf7 19. Qg4 Nh6 20. Qg3 Rab8 21. f5 Kf7 22. fxg6+ hxg6 23. Qh4 Rh8 24. Bg5 Nf5 25. Qf2 Ne7 26. e5 dxe5 27. d6 Qxd6 28. Ne4 Qc6 29. Bb3+ c4 30. Bc2 b5 31. axb5 axb5 32. b3 Nf5 33. Bd2 Qb6 34. Qf3 Nd4 35. Qg4 Rbd8 36. Ng5+ Ke7 37. Bb4+ Nc5 38. Bxc5+ Qxc5 39. Bxg6 f5 40. Bxf5 Nxf5 41. Qxf5 Qd6 42. Qf7# 1-0

[Event "FRA-ch Blitz Online Qual"]
[Site "Europe Echecs INT"]
[Date "2020.05.16"]
[Round "13"]
[White "Tomasi, Elise"]
[Black "Druon, Thibault"]
[Result "1-0"]
[WhiteElo "2030"]
[BlackElo "1644"]
[PlyCount "109"]
[EventDate "2020.05.16"]
[EventType "swiss (blitz)"]
[EventRounds "15"]
[EventCountry "FRA"]
[SourceTitle "CBM 196 Extra"]
[Source "ChessBase"]
[SourceDate "2020.07.31"]
[SourceVersion "1"]
[SourceVersionDate "2020.07.31"]
[SourceQuality "1"]

1. d4 Nf6 2. Nf3 g6 3. g3 Bg7 4. Bg2 0-0 5. 0-0 d5 6. c4 c6 7. Nc3 Re8 8. Ne5 e6 9. Qb3 Nbd7 10. Rd1 Nxe5 11. dxe5 Nd7 12. f4 f6 13. exf6 Nxf6 14. h3 Qc7 15. Be3 b6 16. Rac1 Ba6 17. cxd5 exd5 18. Nxd5 Qf7 19. Nxf6+ Bxf6 20. Qxf7+ Kxf7 21. Bxc6 Rac8 22. Bxe8+ Rxe8 23. Kf2 Kg7 24. Rc7+ Kh8 25. Rxa7 Bb5 26. a4 Bc4 27. Rdd7 Bg8 28. Bd4 Bxd4+ 29. Rxd4 Rc8 30. Rb7 Re8 31. Rxb6 Rc8 32. Rb7 Re8 33. a5 Rc8 34. a6 Ra8 35. a7 h5 36. Rb8 Rxa7 37. Rdd8 Rg7 38. Rxg8+ Rxg8 39. Rxg8+ Kxg8 40. b4 Kf7 41. Ke3 Ke6 42. Kd4 Kd6 43. b5 Kc7 44. Kc5 Kb7 45. Kd6 Kb6 46. Ke6 Kxb5 47. Kf6 Kc4 48. Kxg6 Kd4 49. Kxh5 Ke3 50. f5 Kxe2 51. f6 Kf3 52. f7 Kxg3 53. f8Q Kxh3 54. Qf4 Kg2 55. Qe3 1-0